000 00381 a2200157 4500
001 48351
020 _a9788508128372
040 _cAnchieta - Bela Vista
100 _aMachado, Ana Maria
240 1 0 _aO menino Pedro e seu boi voador
_l
245 1 0 _aO menino Pedro e seu boi voador
300 _a28 p.
362 0 _a1999
650 4 _aLiteratura infanto-juvenil
942 _cBK
999 _c48351
_d48351